QUEST Central Library Banner

محبتن بہ ناولیٹ (Record no. 68392)

MARC details
000 -LEADER
fixed length control field 00275nam a22001097a 4500
082 ## - DEWEY DECIMAL CLASSIFICATION NUMBER
Classification number م غ ل
100 ## - MAIN ENTRY--AUTHOR NAME
Personal name مغل، محمود
245 ## - TITLE STATEMENT
Title محبتن بہ ناولیٹ
260 ## - PUBLICATION, DISTRIBUTION, ETC. (IMPRINT)
Place of publication کراچی
Name of publisher کاچو بپلیکیشن
Year of publication ۲۰۱۵
300 ## - PHYSICAL DESCRIPTION
Number of Pages ۵۶۶
Other physical details ۱۵۷
942 ## - ADDED ENTRY ELEMENTS (KOHA)
Koha item type Books
Holdings
Withdrawn status Lost status Home library Current library Date acquired Full call number Accession Number Koha item type
    Central Library, QUEST, Nawabshah Central Library, QUEST, Nawabshah 28/10/2024 م غ ل D2290 Books

Copyright © 2018,The QUEST, Nawabshah, Shaheed Benazirabad. All rights reserved
Mr. G. Farooq Channar (Librarian) QUEST, Nawabshah, Sindh, Pakistan 67480.
 Ph#: |   0244-9370381-4 Ext. 2308   Email| lib@quest.edu.pk   Web|  http://www.quest.edu.pk